000 00825nam a22002537a 4500
005 20250526141314.0
008 250526b mx ||||||||| |||| 00spa|d
020 _a9684270151
050 0 4 _aHC133
_bM55 1999
245 0 3 _aEl milagro mexicano
_c / Fernando Carmona,...[et al.].
250 _a18a ed.
260 _aMéxico :
_bNuestro Tiempo,
_c1999
300 _a403 p. ;
_c18 cm.
490 0 _aLatinoamérica Ayer y hoy
504 _aIncluye apéndice y bibliografías
650 7 _2lemb
_aPolítica Económica
_zMéxico
651 7 _2lemb
_aMéxico
_xCondiciones económicas
651 7 _2lemb
_aMéxico
_xCondiciones sociales
700 1 _aCarmona, Fernando
_eautor.
700 1 _aMontaño, Guillermo
_eautor.
700 1 _aCarrión, Jorge
_eautor.
700 1 _aAguilar M., Alonso
_eautor.
942 _2lcc
_cLIB
999 _c171649
_d171647